[Event "Copenhagen Chess Challenge 2005"]
[Site "Taastrup"]
[Date "2005.??.??"]
[Round "1"]
[White "Bromann, Thorbjorn"]
[Black "Skjoldan, Benjamin"]
[Result "1-0"]
[WhiteElo "2369"]
[BlackElo "2114"]
[PlyCount "59"]
[EventDate "2005.??.??"]
[EventType "swiss"]
[EventRounds "9"]
[EventCountry "DEN"]

1. d4 d5 2. Nc3 Nf6 3. Bg5 e6 4. e4 dxe4 5. Nxe4 Be7 6. Bxf6 Bxf6 7. Nf3 b6 8.
c3 O-O 9. Bd3 Ba6 10. Nxf6+ Qxf6 11. Be4 c6 12. Ne5 Rc8 13. Qc2 Qh6 14. h4 f6
15. Ng4 Qh5 16. Ne3 Nd7 17. g4 Qh6 18. Qb3 Nf8 19. Qa3 Bb7 20. g5 Qh5 21. gxf6
gxf6 22. Rg1+ Kf7 23. Nc4 Rd8 24. Nd6+ Rxd6 25. Qxd6 Rc8 26. Qg3 Ba6 27. Bf3
Qb5 28. O-O-O Qa5 29. Qg7+ Ke8 30. Qxf6 1-0

[Event "Copenhagen Chess Challenge 2005"]
[Site "Taastrup"]
[Date "2005.04.20"]
[Round "1"]
[White "De Firmian, Nick E"]
[Black "Smith, Axel"]
[Result "1-0"]
[WhiteElo "2549"]
[BlackElo "2139"]
[PlyCount "55"]
[EventDate "2005.??.??"]
[EventType "swiss"]
[EventRounds "9"]
[EventCountry "DEN"]

1. e4 e6 2. d4 d5 3. Nc3 Bb4 4. e5 c5 5. a3 cxd4 6. axb4 dxc3 7. Nf3 Nd7 8. Bd3
Qc7 9. O-O Nxe5 10. Bf4 f6 11. Nxe5 fxe5 12. Qh5+ Qf7 13. Bb5+ Kf8 14. Qxe5
cxb2 15. Ra3 Nf6 16. Rf3 h6 17. Qxb2 Qe7 18. Be5 Kf7 19. Qd4 a6 20. Bd3 Bd7 21.
Qg4 Kf8 22. Qg6 Qf7 23. Qg3 Ke7 24. Bg6 Qg8 25. Bd6+ Kd8 26. Bc7+ Kc8 27. Bb6
Nh7 28. Qc7# 1-0

[Event "Copenhagen Chess Challenge 2005"]
[Site "Taastrup"]
[Date "2005.??.??"]
[Round "1"]
[White "Dyrgaard, Kristoffer"]
[Black "Hoi, Carsten"]
[Result "0-1"]
[WhiteElo "2118"]
[BlackElo "2387"]
[PlyCount "66"]
[EventDate "2005.??.??"]
[EventType "swiss"]
[EventRounds "9"]
[EventCountry "DEN"]

1. e4 Nc6 2. d4 e5 3. Nf3 exd4 4. Bc4 d6 5. Nxd4 g6 6. O-O Bg7 7. Be3 Nf6 8.
Nc3 O-O 9. Qd2 Bd7 10. f3 a6 11. a4 Nxd4 12. Bxd4 Be6 13. Nd5 Bxd5 14. Bxd5
Nxd5 15. exd5 Bxd4+ 16. Qxd4 Qg5 17. Rfe1 Rfe8 18. Re4 Rxe4 19. Qxe4 Qd2 20.
Re1 b5 21. b3 bxa4 22. Re2 Qc3 23. bxa4 Qc5+ 24. Re3 Rb8 25. c3 Rb2 26. Kh1
Qxd5 27. h4 Qd2 28. f4 Qc2 29. Qf3 Qf2 30. Re8+ Kg7 31. Qg4 h5 32. Qg5 Rb1+ 33.
Kh2 Rd1 0-1

[Event "Copenhagen Chess Challenge 2005"]
[Site "Taastrup"]
[Date "2005.??.??"]
[Round "1"]
[White "Grove, Peter"]
[Black "Nilsson, Sebastian"]
[Result "0-1"]
[WhiteElo "1979"]
[BlackElo "2224"]
[PlyCount "42"]
[EventDate "2005.??.??"]
[EventType "swiss"]
[EventRounds "9"]
[EventCountry "DEN"]

1. c4 e5 2. Nc3 Nf6 3. g3 Bb4 4. Bg2 O-O 5. e3 Bxc3 6. bxc3 e4 7. Ne2 Nc6 8.
O-O d6 9. Nf4 Ne5 10. Nd5 Bg4 11. Qc2 Nf3+ 12. Kh1 Re8 13. h3 Nxd5 14. cxd5 Qg5
15. d3 Qh5 16. h4 g5 17. Bxf3 Bxf3+ 18. Kg1 gxh4 19. Qd2 Qg4 20. Kh2 Re5 21.
Rg1 hxg3+ 0-1

[Event "Copenhagen Chess Challenge 2005"]
[Site "Taastrup"]
[Date "2005.??.??"]
[Round "1"]
[White "Korolev, Nikolaj"]
[Black "Tikkanen, Hans"]
[Result "1-0"]
[WhiteElo "2100"]
[BlackElo "2342"]
[PlyCount "43"]
[EventDate "2005.??.??"]
[EventType "swiss"]
[EventRounds "9"]
[EventCountry "DEN"]

1. e4 g6 2. d4 Bg7 3. Nc3 d6 4. Be3 a6 5. Qd2 Nd7 6. O-O-O b5 7. h4 h5 8. Nh3
c6 9. Ng5 Bb7 10. f4 Nh6 11. Be2 Qc7 12. f5 gxf5 13. Bxh5 Qa5 14. Ne6 Bf6 15.
Bxh6 b4 16. Nb1 Rc8 17. Rhe1 f4 18. e5 Rxh6 19. exf6 Nxf6 20. Qxf4 Rh8 21. Ng5
Kf8 22. Bxf7 1-0

[Event "Copenhagen Chess Challenge 2005"]
[Site "Taastrup"]
[Date "2005.??.??"]
[Round "1"]
[White "Lund, Silas"]
[Black "Hansen, Alexei"]
[Result "1-0"]
[WhiteElo "2300"]
[BlackElo "2000"]
[PlyCount "69"]
[EventDate "2005.??.??"]
[EventType "swiss"]
[EventRounds "9"]
[EventCountry "DEN"]

1. d4 f5 2. g3 Nf6 3. Bg2 e6 4. c4 Be7 5. Nc3 O-O 6. Nh3 d6 7. Nf4 c6 8. Nd3
Nbd7 9. Bg5 e5 10. d5 c5 11. Bxf6 Rxf6 12. e4 f4 13. Bh3 Nb6 14. Bxc8 Qxc8 15.
b3 Qh3 16. Kd2 f3 17. Kc2 a5 18. a4 Raf8 19. Qe1 Nd7 20. Nb5 Bd8 21. Qf1 Qxf1
22. Raxf1 Rh6 23. h4 Rf7 24. Nb2 Rhf6 25. Nd1 g6 26. Ne3 h5 27. g4 Be7 28. Rfg1
Kh7 29. gxh5 gxh5 30. Rg5 Rf4 31. Rxh5+ Kg6 32. Rf5 Nf6 33. Rg1+ Kh6 34. Rxf4
exf4 35. Nf5+ 1-0

[Event "Copenhagen Chess Challenge 2005"]
[Site "Taastrup"]
[Date "2005.??.??"]
[Round "1"]
[White "Mikkelsen, Nikolaj"]
[Black "Frank Nielsen, Marie"]
[Result "1-0"]
[WhiteElo "2220"]
[BlackElo "1882"]
[PlyCount "47"]
[EventDate "2005.??.??"]
[EventType "swiss"]
[EventRounds "9"]
[EventCountry "DEN"]

1. e4 d6 2. d4 Nf6 3. Nc3 Nbd7 4. f4 c6 5. a4 Qc7 6. Nf3 e5 7. Bc4 Be7 8. O-O
O-O 9. Kh1 b6 10. Qe2 Bb7 11. dxe5 dxe5 12. fxe5 Nxe5 13. Nxe5 Qxe5 14. Rf5 Qb8
15. Bg5 Bc8 16. Rf4 h6 17. Bxh6 gxh6 18. e5 Nh7 19. Rxf7 Rxf7 20. Qh5 Ng5 21.
Rf1 Qxe5 22. Bxf7+ Nxf7 23. Qxf7+ Kh8 24. Qe8+ 1-0

[Event "Copenhagen Chess Challenge 2005"]
[Site "Taastrup"]
[Date "2005.??.??"]
[Round "1"]
[White "Moller, Frederik Oest"]
[Black "Skovgaard, Peter Nicolai"]
[Result "0-1"]
[WhiteElo "1824"]
[BlackElo "2174"]
[PlyCount "64"]
[EventDate "2005.??.??"]
[EventType "swiss"]
[EventRounds "9"]
[EventCountry "DEN"]

1. e4 c5 2. Nf3 a6 3. a4 e6 4. Nc3 d5 5. exd5 exd5 6. d4 Be6 7. Be3 c4 8. Be2
h6 9. O-O Nc6 10. Kh1 Bd6 11. h3 Nge7 12. Qd2 g5 13. Nh2 Nf5 14. Rae1 Nxe3 15.
fxe3 Bg3 16. Rd1 Qc7 17. Ng4 O-O-O 18. Nf6 Kb8 19. Bf3 Ne7 20. Rb1 h5 21. Bxh5
Ng8 22. Qe2 Nxf6 23. Rxf6 Bh4 24. Rbf1 g4 25. Bxg4 Bxf6 26. Rxf6 Rdg8 27. Bxe6
fxe6 28. Qf3 Qb6 29. Nxd5 Qxb2 30. Qf4+ Ka7 31. Rxe6 Qc1+ 32. Kh2 Rxh3+ 0-1

[Event "Copenhagen Chess Challenge 2005"]
[Site "Taastrup"]
[Date "2005.??.??"]
[Round "1"]
[White "Olsson, Linus"]
[Black "Skovgaard, Tom"]
[Result "0-1"]
[WhiteElo "2319"]
[BlackElo "2079"]
[PlyCount "80"]
[EventDate "2005.??.??"]
[EventType "swiss"]
[EventRounds "9"]
[EventCountry "DEN"]

1. d4 Nf6 2. c4 e6 3. g3 Bb4+ 4. Nd2 d5 5. Bg2 O-O 6. Ngf3 Ne4 7. O-O c5 8. a3
Bxd2 9. Nxd2 cxd4 10. Nxe4 dxe4 11. Bxe4 e5 12. e3 Nc6 13. exd4 Nxd4 14. Be3
Be6 15. b3 Nc6 16. Re1 Qc8 17. Qf3 a5 18. a4 f5 19. Bxc6 bxc6 20. Bc5 e4 21.
Qc3 Rd8 22. Rad1 Qc7 23. Bd4 Qb7 24. Be5 Rd7 25. Rd4 Rxd4 26. Qxd4 Qd7 27. Rd1
Ra7 28. Qa1 Qe7 29. Bd6 Qg5 30. Qe5 Bf7 31. Bc7 h6 32. h4 Qg4 33. Rd8+ Kh7 34.
Rd7 Bh5 35. Kh2 Rb7 36. Qe7 f4 37. Qxe4+ Bg6 38. Qe7 Bf5 39. Rd2 f3 40. Kg1 Qh3
0-1

[Event "Copenhagen Chess Challenge 2005"]
[Site "Taastrup"]
[Date "2005.??.??"]
[Round "1"]
[White "Pallesen, Jacob"]
[Black "Glud, Jakob Vang"]
[Result "0-1"]
[WhiteElo "2056"]
[BlackElo "2319"]
[PlyCount "66"]
[EventDate "2005.??.??"]
[EventType "swiss"]
[EventRounds "9"]
[EventCountry "DEN"]

1. e4 c5 2. Nc3 e6 3. Nf3 a6 4. d4 cxd4 5. Nxd4 b5 6. Bd3 Qb6 7. Nb3 Qc7 8. O-O
Bb7 9. Be3 Nf6 10. a3 d6 11. f4 Nc6 12. Qe2 Be7 13. Nd4 O-O 14. f5 Nxd4 15.
Bxd4 e5 16. Bf2 Rfe8 17. g4 d5 18. Rae1 Bc5 19. h3 Bd4 20. Nxd5 Bxd5 21. exd5
Bxb2 22. c4 Bxa3 23. cxb5 Nxd5 24. bxa6 Bc5 25. Rc1 Nf4 26. Qf3 Bxf2+ 27. Kxf2
Qb6+ 28. Kg3 Nxd3 29. Qxd3 e4 30. Qc4 Qd6+ 31. Kh4 Rxa6 32. Rfe1 Ra3 33. Rc3
Qf6+ 0-1

[Event "Copenhagen Chess Challenge 2005"]
[Site "Taastrup"]
[Date "2005.??.??"]
[Round "2"]
[White "Frank Nielsen, Marie"]
[Black "Dyrgaard, Kristoffer"]
[Result "1/2-1/2"]
[WhiteElo "1882"]
[BlackElo "2118"]
[PlyCount "72"]
[EventDate "2005.??.??"]
[EventType "swiss"]
[EventRounds "9"]
[EventCountry "DEN"]

1. e4 c5 2. d4 cxd4 3. c3 g6 4. Bc4 e6 5. Nf3 Nc6 6. O-O Bg7 7. Qe2 Nge7 8.
cxd4 d5 9. Bb3 dxe4 10. Qxe4 O-O 11. Bg5 Qa5 12. Nc3 Re8 13. d5 exd5 14. Nxd5
Bf5 15. Nxe7+ Rxe7 16. Qc4 Rc7 17. Qh4 Bxb2 18. Rad1 Qb4 19. Qg3 Rd7 20. Rxd7
Bxd7 21. Bd2 Qg4 22. Qc7 Nd4 23. Bxf7+ Kg7 24. Bd5 Ne2+ 25. Kh1 Re8 26. Qxb7
Bf6 27. Qxa7 Re7 28. Qc5 Nf4 29. Bxf4 Qxf4 30. Qc4 Qb8 31. Qb3 Qa7 32. Kg1 Bg4
33. h3 Bxf3 34. Bxf3 Bd4 35. Qc2 Rc7 36. Qd1 Rf7 1/2-1/2

[Event "Copenhagen Chess Challenge 2005"]
[Site "Taastrup"]
[Date "2005.??.??"]
[Round "2"]
[White "Glud, Jakob Vang"]
[Black "Korolev, Nikolaj"]
[Result "1/2-1/2"]
[WhiteElo "2319"]
[BlackElo "2100"]
[PlyCount "102"]
[EventDate "2005.??.??"]
[EventType "swiss"]
[EventRounds "9"]
[EventCountry "DEN"]

1. c4 e5 2. g3 Nc6 3. Bg2 g6 4. Nc3 Bg7 5. e4 d6 6. Nge2 Nf6 7. O-O O-O 8. d3
Nh5 9. Be3 f5 10. exf5 Bxf5 11. d4 Qd7 12. d5 Nd8 13. f3 Bh3 14. Ne4 Bxg2 15.
Kxg2 Nf6 16. N2c3 b6 17. Qd2 a5 18. b3 Nb7 19. Ng5 Rae8 20. Ne6 Rf7 21. Rae1
Nd8 22. Ng5 Rff8 23. a3 Kh8 24. b4 axb4 25. axb4 Bh6 26. Ra1 Qf5 27. Nge4 Nxe4
28. Nxe4 Bxe3 29. Qxe3 Nf7 30. Ra7 Rc8 31. h4 Rg8 32. Kh2 h6 33. Re1 g5 34. g4
Qf4+ 35. Qxf4 exf4 36. hxg5 hxg5 37. Nf6 Ne5 38. Rxe5 dxe5 39. Nxg8 Kxg8 40.
Kg2 Kf8 41. Kf2 Ke7 42. c5 bxc5 43. bxc5 Kd8 44. Ke2 Rb8 45. Kd3 Rb4 46. Ra8+
Ke7 47. Ra7 Rd4+ 48. Kc3 Kd8 49. Ra8+ Ke7 50. Ra7 Kd8 51. Ra8+ Ke7 1/2-1/2

[Event "Copenhagen Chess Challenge 2005"]
[Site "Taastrup"]
[Date "2005.??.??"]
[Round "2"]
[White "Hansen, Alexei"]
[Black "Olsson, Linus"]
[Result "0-1"]
[WhiteElo "2000"]
[BlackElo "2319"]
[PlyCount "44"]
[EventDate "2005.??.??"]
[EventType "swiss"]
[EventRounds "9"]
[EventCountry "DEN"]

1. e4 g6 2. d4 Nf6 3. Nc3 d5 4. e5 Nh5 5. Be3 Ng7 6. Bd3 Bf5 7. Be2 h5 8. Qd2
e6 9. Bg5 Be7 10. Nf3 a6 11. h3 Nc6 12. Bh6 Kf8 13. O-O-O Kg8 14. Bf4 Nb4 15.
Rdg1 c5 16. Ne1 Qa5 17. a3 cxd4 18. Nb1 Na2+ 19. Kd1 Qb6 20. b3 Rc8 21. g4
Bxc2+ 22. Nxc2 Qxb3 0-1

[Event "Copenhagen Chess Challenge 2005"]
[Site "Taastrup"]
[Date "2005.??.??"]
[Round "2"]
[White "Hoi, Carsten"]
[Black "Mikkelsen, Nikolaj"]
[Result "1/2-1/2"]
[WhiteElo "2387"]
[BlackElo "2220"]
[PlyCount "73"]
[EventDate "2005.??.??"]
[EventType "swiss"]
[EventRounds "9"]
[EventCountry "DEN"]

1. d4 Nf6 2. Nf3 e6 3. Bg5 Be7 4. c4 b6 5. Nc3 Bb7 6. e3 O-O 7. Bd3 c5 8. O-O
cxd4 9. exd4 d5 10. Bxf6 Bxf6 11. cxd5 exd5 12. Re1 Nc6 13. Rc1 Qd6 14. Nb5 Qf4
15. g3 Qb8 16. Ne5 Bxe5 17. dxe5 a6 18. Nd6 Nxe5 19. Bxh7+ Kxh7 20. Qh5+ Kg8
21. Qxe5 a5 22. Qf4 Ra7 23. Re8 Rxe8 24. Qxf7+ Kh7 25. Nxe8 Qe5 26. Rc7 Qe1+
27. Kg2 Qe4+ 28. f3 Qe2+ 29. Kg1 Qe1+ 30. Kg2 Qe2+ 31. Kh3 Bc8+ 32. g4 Qf1+ 33.
Kh4 Qe1+ 34. Kh3 Qf1+ 35. Kh4 Qe1+ 36. Kh3 Qf1+ 37. Kh4 1/2-1/2

[Event "Copenhagen Chess Challenge 2005"]
[Site "Taastrup"]
[Date "2005.??.??"]
[Round "2"]
[White "Nilsson, Sebastian"]
[Black "De Firmian, Nick E"]
[Result "0-1"]
[WhiteElo "2224"]
[BlackElo "2549"]
[PlyCount "40"]
[EventDate "2005.??.??"]
[EventType "swiss"]
[EventRounds "9"]
[EventCountry "DEN"]

1. e4 c5 2. Nf3 d6 3. d4 cxd4 4. Nxd4 Nf6 5. Nc3 a6 6. Bc4 e6 7. O-O Be7 8. Bb3
O-O 9. f4 Nc6 10. Be3 Nxd4 11. Bxd4 b5 12. a3 Bb7 13. Qe2 a5 14. e5 dxe5 15.
Bxe5 b4 16. axb4 axb4 17. Rxa8 Qxa8 18. Nb5 Rd8 19. f5 exf5 20. Rxf5 Bc5+ 0-1

[Event "Copenhagen Chess Challenge 2005"]
[Site "Taastrup"]
[Date "2005.??.??"]
[Round "2"]
[White "Skjoldan, Benjamin"]
[Black "Moller, Frederik Oest"]
[Result "1-0"]
[WhiteElo "2114"]
[BlackElo "1824"]
[PlyCount "77"]
[EventDate "2005.??.??"]
[EventType "swiss"]
[EventRounds "9"]
[EventCountry "DEN"]

1. d4 d5 2. c4 e6 3. g3 Nf6 4. Bg2 Be7 5. Nf3 O-O 6. O-O Nbd7 7. b3 b6 8. Qc2
Bb7 9. Nc3 a6 10. Rd1 c5 11. cxd5 exd5 12. Bb2 Re8 13. Rac1 Rc8 14. Qf5 Nf8 15.
Ne5 Ng6 16. dxc5 Bxc5 17. Nxd5 Nxe5 18. Nxf6+ Qxf6 19. Qxf6 gxf6 20. Bxb7 Rcd8
21. Bxa6 Rxd1+ 22. Rxd1 Ra8 23. Bxe5 fxe5 24. Bc4 Ra7 25. a4 Kf8 26. Rd8+ Kg7
27. Kg2 Re7 28. e4 h6 29. Rc8 Rd7 30. a5 Ra7 31. a6 Kf6 32. f3 Be3 33. b4 Ke7
34. b5 Bc5 35. h4 Be3 36. Bd5 Bc5 37. Rb8 f6 38. Rb7+ Rxb7 39. Bxb7 1-0

[Event "Copenhagen Chess Challenge 2005"]
[Site "Taastrup"]
[Date "2005.??.??"]
[Round "2"]
[White "Skovgaard, Peter Nicolai"]
[Black "Bromann, Thorbjorn"]
[Result "0-1"]
[WhiteElo "2174"]
[BlackElo "2369"]
[PlyCount "100"]
[EventDate "2005.??.??"]
[EventType "swiss"]
[EventRounds "9"]
[EventCountry "DEN"]

1. e4 e6 2. d3 d5 3. Nd2 Nf6 4. Ngf3 dxe4 5. dxe4 Bc5 6. Bd3 e5 7. O-O Qe7 8.
Nc4 Nc6 9. c3 a5 10. a4 O-O 11. Qc2 Bg4 12. Nfd2 Rfd8 13. Nb3 Nd7 14. Ne3 Be6
15. Nd5 Qd6 16. Nd2 Nb6 17. Nc4 Nxc4 18. Bxc4 Ne7 19. Rd1 Nxd5 20. exd5 Bg4 21.
Be2 Bd7 22. Be3 Bxe3 23. fxe3 Qb6 24. Qd2 Bf5 25. Kh1 Qg6 26. c4 Rd6 27. Bd3 e4
28. Bc2 Qh5 29. Qf2 Re8 30. Rd4 Rf6 31. Re1 Bd7 32. Qg1 Qh4 33. Rf1 Rb6 34. Rf4
Qg5 35. b3 f5 36. Qf2 Rh6 37. g3 Qe7 38. Qd2 Qe5 39. Rh4 Rxh4 40. gxh4 c5 41.
dxc6 Bxc6 42. Rd8 f4 43. Qd4 Qe7 44. Rxe8+ Qxe8 45. Kg1 f3 46. Kf2 Qe7 47. Kg3
Qc7+ 48. Kg4 f2 49. Qd1 Bd7+ 50. Kh5 Qe5# 0-1

[Event "Copenhagen Chess Challenge 2005"]
[Site "Taastrup"]
[Date "2005.??.??"]
[Round "2"]
[White "Skovgaard, Tom"]
[Black "Lund, Silas"]
[Result "1/2-1/2"]
[WhiteElo "2079"]
[BlackElo "2300"]
[PlyCount "62"]
[EventDate "2005.??.??"]
[EventType "swiss"]
[EventRounds "9"]
[EventCountry "DEN"]

1. e4 e5 2. Nf3 Nc6 3. Bb5 Nf6 4. d3 d6 5. c3 g6 6. Nbd2 Bg7 7. Nf1 O-O 8. Bg5
h6 9. Bh4 Bd7 10. Ne3 Qe8 11. a4 Rc8 12. a5 a6 13. Bc4 Kh7 14. Qb3 Nd8 15. O-O
g5 16. Bg3 Nh5 17. Rfe1 Nf4 18. Bxf4 gxf4 19. Nf5 Bxf5 20. exf5 c6 21. d4 e4
22. d5 Rc7 23. Qc2 Re7 24. Nd2 Be5 25. f6 Bxf6 26. Rxe4 Kg7 27. Rxf4 Bg5 28.
Rf5 cxd5 29. Bxd5 Re1+ 30. Rxe1 Qxe1+ 31. Nf1 Re8 1/2-1/2

[Event "Copenhagen Chess Challenge 2005"]
[Site "Taastrup"]
[Date "2005.??.??"]
[Round "2"]
[White "Smith, Axel"]
[Black "Grove, Peter"]
[Result "1-0"]
[WhiteElo "2139"]
[BlackElo "1979"]
[PlyCount "59"]
[EventDate "2005.??.??"]
[EventType "swiss"]
[EventRounds "9"]
[EventCountry "DEN"]

1. e4 c6 2. d4 d5 3. Nd2 dxe4 4. Nxe4 Bf5 5. Ng3 Bg6 6. h4 h6 7. Nf3 Nd7 8. h5
Bh7 9. Bd3 Bxd3 10. Qxd3 Ngf6 11. Bd2 e6 12. O-O-O Bd6 13. Ne4 Nxe4 14. Qxe4
Nf6 15. Qe2 Qc7 16. Ne5 O-O-O 17. f4 Kb8 18. g4 c5 19. dxc5 Bxc5 20. Kb1 Nd5
21. c4 Nb6 22. b3 Bd4 23. Bb4 Nc8 24. Nxf7 Qxf7 25. Rxd4 Rxd4 26. Qe5+ Qc7 27.
Qxd4 Rd8 28. Qe3 a5 29. Bc3 Ka8 30. Qe5 1-0

[Event "Copenhagen Chess Challenge 2005"]
[Site "Taastrup"]
[Date "2005.??.??"]
[Round "2"]
[White "Tikkanen, Hans"]
[Black "Pallesen, Jacob"]
[Result "1-0"]
[WhiteElo "2342"]
[BlackElo "2056"]
[PlyCount "65"]
[EventDate "2005.??.??"]
[EventType "swiss"]
[EventRounds "9"]
[EventCountry "DEN"]

1. d4 Nf6 2. c4 g6 3. Nc3 Bg7 4. e4 d6 5. h3 Na6 6. Nf3 c5 7. d5 O-O 8. Bd3 Bd7
9. Be3 Nc7 10. a4 b6 11. Qd2 a6 12. O-O Rb8 13. Rfe1 b5 14. e5 Nfe8 15. exd6
exd6 16. Bg5 f6 17. Bf4 bxc4 18. Bxc4 f5 19. Ng5 Qc8 20. Ne6 Rf7 21. Re2 Rb4
22. b3 Re7 23. Nxg7 Rxg7 24. Rae1 Qd8 25. Bg5 Nf6 26. Qf4 Qf8 27. Bh6 Nce8 28.
Qe3 Qf7 29. Bxg7 Qxg7 30. Qe7 Qh6 31. Qd8 Qf4 32. Re7 Qd2 33. Nb1 1-0

[Event "Copenhagen Chess Challenge 2005"]
[Site "Taastrup"]
[Date "2005.??.??"]
[Round "3"]
[White "De Firmian, Nick E"]
[Black "Bromann, Thorbjorn"]
[Result "1-0"]
[WhiteElo "2549"]
[BlackElo "2369"]
[PlyCount "117"]
[EventDate "2005.??.??"]
[EventType "swiss"]
[EventRounds "9"]
[EventCountry "DEN"]

1. e4 e6 2. d4 d5 3. Nc3 Nf6 4. Bg5 Bb4 5. e5 h6 6. Bd2 Bxc3 7. bxc3 Ne4 8. Qg4
g6 9. Bd3 Nxd2 10. Kxd2 c5 11. Nf3 Bd7 12. dxc5 Qe7 13. Qd4 Bc6 14. h4 Nd7 15.
h5 g5 16. Nh2 O-O-O 17. Ng4 Nxc5 18. Rhb1 Kb8 19. a4 Rc8 20. Qb4 Rc7 21. f3 Rd8
22. Ke3 Qf8 23. a5 Be8 24. Bf1 f5 25. Nf6 Nd7 26. Qxf8 Nxf8 27. Kd4 Nd7 28. g4
Nxf6 29. exf6 Rf7 30. Ke5 Bc6 31. Bb5 Kc7 32. Ra3 Rdf8 33. Bxc6 Kxc6 34. c4 d4
35. Rab3 fxg4 36. fxg4 Rxf6 37. Rxb7 R6f7 38. Rxf7 Rxf7 39. Rb8 Kc5 40. Rc8+
Kb4 41. c5 Rf2 42. Kxd4 Rxc2 43. Ke5 Kxa5 44. Kd6 Rd2+ 45. Kxe6 Kb5 46. Kf6 Re2
47. Rh8 Re4 48. Rxh6 Rxg4 49. Rg6 a5 50. h6 a4 51. Rxg5 Rh4 52. Kg6 a3 53. c6+
Kxc6 54. Ra5 Rg4+ 55. Kh5 Rg3 56. Kh4 Rg8 57. Rxa3 Kd7 58. h7 Rh8 59. Kg5 1-0

[Event "Copenhagen Chess Challenge 2005"]
[Site "Taastrup"]
[Date "2005.??.??"]
[Round "3"]
[White "Dyrgaard, Kristoffer"]
[Black "Pallesen, Jacob"]
[Result "1-0"]
[WhiteElo "2118"]
[BlackElo "2056"]
[PlyCount "63"]
[EventDate "2005.??.??"]
[EventType "swiss"]
[EventRounds "9"]
[EventCountry "DEN"]

1. e4 c6 2. c4 g6 3. d4 Bg7 4. Nc3 d6 5. Be3 e5 6. Nf3 Bg4 7. dxe5 dxe5 8.
Qxd8+ Kxd8 9. Ng5 Ke8 10. Be2 Nf6 11. h3 Bxe2 12. Kxe2 Nbd7 13. Rhd1 Ke7 14.
Rd2 Rhd8 15. Rad1 h6 16. Nf3 b6 17. b4 Nh5 18. g3 Nf8 19. b5 Rxd2+ 20. Bxd2 Rc8
21. c5 bxc5 22. bxc6 Rxc6 23. Nd5+ Ke6 24. Ba5 f5 25. Nc7+ Ke7 26. exf5 gxf5
27. Nh4 f4 28. Nf5+ Kf7 29. g4 Nf6 30. Nd6+ Kg6 31. Nc8 Ne4 32. Ne7+ 1-0

[Event "Copenhagen Chess Challenge 2005"]
[Site "Taastrup"]
[Date "2005.??.??"]
[Round "3"]
[White "Grove, Peter"]
[Black "Frank Nielsen, Marie"]
[Result "0-1"]
[WhiteElo "1979"]
[BlackElo "1882"]
[PlyCount "80"]
[EventDate "2005.??.??"]
[EventType "swiss"]
[EventRounds "9"]
[EventCountry "DEN"]

1. e4 d6 2. d4 Nf6 3. Nc3 Nbd7 4. Be3 e5 5. Nf3 Be7 6. Bc4 O-O 7. h3 a6 8. a4
c6 9. Qd2 Rb8 10. a5 b5 11. axb6 Nxb6 12. Bb3 Qc7 13. g4 exd4 14. Nxd4 d5 15.
e5 c5 16. exf6 Bxf6 17. Nde2 d4 18. Ne4 Qc6 19. Nxf6+ Kh8 20. O-O-O dxe3 21.
Qxe3 Qxf6 22. Qxc5 Be6 23. g5 Qxb2+ 24. Kxb2 Na4+ 25. Kc1 Nxc5 26. Bxe6 Nxe6
27. h4 Rb7 28. Rd6 Ra8 29. Rh3 a5 30. Ra3 Rb4 31. Rd7 Kg8 32. h5 Rg4 33. f4 a4
34. c4 Rc8 35. g6 hxg6 36. hxg6 fxg6 37. Re3 Nxf4 38. Nxf4 Rxf4 39. Ree7 Rcxc4+
40. Kd2 Rfd4+ 0-1

[Event "Copenhagen Chess Challenge 2005"]
[Site "Taastrup"]
[Date "2005.??.??"]
[Round "3"]
[White "Korolev, Nikolaj"]
[Black "Hoi, Carsten"]
[Result "0-1"]
[WhiteElo "2100"]
[BlackElo "2387"]
[PlyCount "52"]
[EventDate "2005.??.??"]
[EventType "swiss"]
[EventRounds "9"]
[EventCountry "DEN"]

1. e4 e5 2. Nf3 Nc6 3. Bb5 g6 4. d4 exd4 5. Bg5 f6 6. Bh4 Bg7 7. e5 Nh6 8. Bc4
d5 9. exd6 Qxd6 10. O-O Bg4 11. Re1+ Ne5 12. Nxe5 fxe5 13. f3 Bd7 14. f4 Nf5
15. fxe5 Qc5 16. Bf6 Qxc4 17. g4 Bc6 18. Nd2 Qd5 19. Ne4 O-O 20. c4 Qd7 21. Nc5
Qc8 22. gxf5 Qxf5 23. Rf1 Qh3 24. Qe2 Bh6 25. Nd3 Be3+ 26. Rf2 Qg2# 0-1

[Event "Copenhagen Chess Challenge 2005"]
[Site "Taastrup"]
[Date "2005.??.??"]
[Round "3"]
[White "Lund, Silas"]
[Black "Glud, Jakob Vang"]
[Result "1-0"]
[WhiteElo "2300"]
[BlackElo "2319"]
[PlyCount "51"]
[EventDate "2005.??.??"]
[EventType "swiss"]
[EventRounds "9"]
[EventCountry "DEN"]

1. d4 d5 2. c4 e6 3. Nc3 Be7 4. Nf3 Nf6 5. Bf4 O-O 6. e3 Nbd7 7. cxd5 exd5 8.
Bd3 c6 9. Qc2 Re8 10. h3 Nf8 11. Bh2 Bd6 12. Ne5 Qe7 13. O-O g6 14. f4 N6d7 15.
Rae1 Ne6 16. f5 Bxe5 17. dxe5 Nec5 18. fxg6 fxg6 19. Bxg6 Rf8 20. Bf5 Kh8 21.
e4 d4 22. Nd5 cxd5 23. exd5 Rxf5 24. Qxf5 Nb6 25. e6 Nc4 26. d6 1-0

[Event "Copenhagen Chess Challenge 2005"]
[Site "Taastrup"]
[Date "2005.??.??"]
[Round "3"]
[White "Mikkelsen, Nikolaj"]
[Black "Skovgaard, Tom"]
[Result "1-0"]
[WhiteElo "2220"]
[BlackElo "2079"]
[PlyCount "45"]
[EventDate "2005.??.??"]
[EventType "swiss"]
[EventRounds "9"]
[EventCountry "DEN"]

1. e4 Nf6 2. e5 Nd5 3. d4 d6 4. Nf3 g6 5. Bc4 Nb6 6. Bb3 Bg7 7. O-O O-O 8. h3
Nc6 9. Qe2 Na5 10. Nc3 Nxb3 11. axb3 dxe5 12. dxe5 Nd5 13. Ne4 Bf5 14. Ng3 Qc8
15. Ra4 a5 16. Rh4 f6 17. Rd1 Nb4 18. Nd4 fxe5 19. Ndxf5 gxf5 20. Qh5 Rf6 21.
Qxh7+ Kf8 22. Nh5 Rf7 23. Bh6 1-0

[Event "Copenhagen Chess Challenge 2005"]
[Site "Taastrup"]
[Date "2005.??.??"]
[Round "3"]
[White "Moller, Frederik Oest"]
[Black "Hansen, Alexei"]
[Result "1-0"]
[WhiteElo "1824"]
[BlackElo "2000"]
[PlyCount "99"]
[EventDate "2005.??.??"]
[EventType "swiss"]
[EventRounds "9"]
[EventCountry "DEN"]

1. e4 c5 2. Nf3 e6 3. d4 cxd4 4. Nxd4 Nf6 5. Nc3 d6 6. f4 a6 7. Bd3 Qc7 8. Be3
b5 9. a3 Bb7 10. O-O Nbd7 11. Nb3 Rd8 12. Qf3 Nc5 13. Nd4 Be7 14. Rae1 O-O 15.
g4 d5 16. e5 Nfe4 17. Nce2 f6 18. exf6 Bxf6 19. Qh3 Rde8 20. g5 Bxd4 21. Bxd4
Bc8 22. Qh4 g6 23. Ng3 Bb7 24. Be5 Qb6 25. Bd4 Qc6 26. Ne2 Qd7 27. Qh3 e5 28.
Qxd7 Nxd7 29. fxe5 Rxf1+ 30. Rxf1 Nxe5 31. Bxe4 dxe4 32. Bxe5 Rxe5 33. h4 Rd5
34. Nc3 Rd4 35. Rf4 Kg7 36. Kf1 a5 37. Ke2 Bc6 38. b3 h6 39. Ke3 Rd8 40. Nxe4
Rd1 41. Nd2 hxg5 42. hxg5 Rg1 43. Rf6 Be8 44. Ra6 Rxg5 45. Rxa5 Bc6 46. c4 Rg3+
47. Kf4 Rd3 48. cxb5 Bxb5 49. Rxb5 Rxd2 50. a4 1-0

[Event "Copenhagen Chess Challenge 2005"]
[Site "Taastrup"]
[Date "2005.??.??"]
[Round "3"]
[White "Olsson, Linus"]
[Black "Smith, Axel"]
[Result "1-0"]
[WhiteElo "2319"]
[BlackElo "2139"]
[PlyCount "45"]
[EventDate "2005.??.??"]
[EventType "swiss"]
[EventRounds "9"]
[EventCountry "DEN"]

1. Nf3 f5 2. g3 Nf6 3. Bg2 d6 4. d4 g6 5. O-O Bg7 6. c4 O-O 7. Nc3 Nc6 8. d5
Ne5 9. Nxe5 dxe5 10. e4 f4 11. Bd2 g5 12. Rc1 a6 13. f3 fxg3 14. hxg3 Nh5 15.
Ne2 g4 16. f4 exf4 17. gxf4 Bxb2 18. Bc3 Bxc1 19. Qxc1 e5 20. Bxe5 g3 21. f5
Qh4 22. Rf3 Qxe4 23. Rxg3+ 1-0